| 000 | 01283nac a22003011u 4500 | ||
|---|---|---|---|
| 003 | EG-ScBUE | ||
| 005 | 20221207105603.0 | ||
| 008 | 221207t1996 nyuab f b 001 0 eng d | ||
| 020 | _a0471106194 (acid-free paper) | ||
| 020 | _a9790471106196 | ||
| 040 |
_aEG-ScBUE _beng _erda _cEG-ScBUE _dEG-ScBUE |
||
| 082 | 0 | 4 |
_a725.2 _bMCG _222 |
| 100 | 1 |
_aMcGowan, Maryrose, _eauthor. |
|
| 245 | 1 | 0 |
_aSpecifying interiors : _ba guide to construction and FF&E for commercial interiors projects / _cMaryrose McGowan ; drawings by Kelsey Kruse. |
| 264 | 1 |
_aNew York : _bJohn Wiley and Sons, Inc, _c[1996] |
|
| 264 | 4 | _cc1996 | |
| 300 |
_axii, 356 pages : _billustrations, maps ; _c29 cm |
||
| 504 | _aIncludes bibliographical references and index. | ||
| 650 | 7 |
_aCommercial buildings _vSpecifications. _2BUEsh |
|
| 650 | 7 |
_aInterior walls _vSpecifications. _2BUEsh |
|
| 650 | 7 |
_aInterior decoration _vSpecifications. _2BUEsh |
|
| 653 | _bENGARC | ||
| 655 | _vReading book | ||
| 856 | 4 | 2 |
_3Contributor biographical information _uhttp://www.loc.gov/catdir/bios/wiley042/95024631.html |
| 856 | 4 | 2 |
_3Publisher description _uhttp://www.loc.gov/catdir/description/wiley033/95024631.html |
| 856 | 4 | 2 |
_3Table of Contents _uhttp://www.loc.gov/catdir/toc/onix04/95024631.html |
| 942 |
_cBB _2ddc |
||
| 999 |
_c6676 _d6676 |
||